Une lettre suffit pour répondre juste #103 (attention 10 lettres tuent) - Statistiques

Statistiques générales
  • Ce quiz a été pris 47 fois
  • Le résultat moyen est 4 sur 6
Statistiques - réponses
Hint Réponse % Correct
Donne une des 5 lettres qui complète le nom de cette région du Portugal en rouge : A _ _ _ _ _ E
LGARV
97%
Donne une des 4 lettres qui complète la locution latine signifiant « Sauveur du Monde » : Salvator M_ _ _ _ UNDI
92%
Donne une des 2 lettres qui complète la traduction de chaque en anglais : EA _ _ CH
63%
Donne la lettre qui complète le nom du roi du monde souterrain et des morts et dieu de la richesse cachée de la terre dans la mythologie grecque : Hadè_
S
63%
Donne une des 3 lettres qui complète le prénom raccourci du football international français qui avait le numéro 18 à la coupe du Monde 2022 : Da_ _ _ Upamecano
YOT
61%
Donne la lettre 1 ère lettre du nom de ce film américano-japonais réalisé par Kathryn Bigelow et sorti en 1991 avec Patrick Swayze et Keanu Reeves :
P (Point Break)
32%
Aucun quiz correspondant
Distribution des résultats
% des personnes avec chaque résultat
Percentile par nombre de réponses
Votre historique - résultats
Vous n’avez pas pris ce quiz